| 000 | 02407cam a22004934i 4500 | ||
|---|---|---|---|
| 003 | PE-LiUPU | ||
| 005 | 20250731172951.0 | ||
| 008 | 150623s r 000 0 d | ||
| 020 | _a0943575931 | ||
| 035 | _a(Sirsi) i9780943575933 | ||
| 040 |
_aPE-LiUPU _bspa _cPE-LiUPU _erda |
||
| 049 | _aPRUA | ||
| 082 | 0 | 4 |
_a291.64 _bP511997 _221 |
| 100 | 1 |
_aPhilo, llamado el Judio de Alejandría, _eautor. |
|
| 245 | 1 | 4 |
_aThe works of Philo : _bcomplete and unabridged / _ctraducido por C.D. Yonge. |
| 264 | 1 |
_aMassachusetts : _bHendrickson Publishers, _c1997. |
|
| 300 |
_a918 páginas : _bil., mapas ; _c24 centímetros |
||
| 336 |
_atext _2rdacontent |
||
| 337 |
_aunmediated _2rdamedia |
||
| 338 |
_avolume _2rdacarrier |
||
| 500 | _aOtras ediciones: 1993, 1995. | ||
| 505 | 0 | _aOn the creation. -Allegorical interpretation. -On the Cherubin. -On the birth of Abel and the sacrifices offered by him and his brother Cain. -That the worse is wont to attack the better. -On the posterity of Cain and his exile. -On the giants. -On the Unchangeablenesses of God. -On husbandry. -Concerning Noah's work as a planter. -On drunkenness. -On the prayer and curses uttered by Noah when he became sober. -On the confusion of tongues. -On the migration of Abraham. -Who is the heir of Divine things. -On mating with the preliminary studies. -On flight and finding. -On the change of names. -On dreams, that they are God-sent. -On Abraham. -On Joseph. -On the life of Moses. -The decalogue. -The special laws. -On the virtues. -On rewards and punishments. | |
| 526 | _aSEG42 | ||
| 526 | _aSEG41 | ||
| 526 | _aSEG40 | ||
| 526 | _aSEG39 | ||
| 526 | _aP94 | ||
| 526 | _aP87 | ||
| 526 | _aP86 | ||
| 526 | _aP85 | ||
| 526 | _aP77 | ||
| 526 | _aP76 | ||
| 526 | _aP35 | ||
| 650 | 0 | 4 |
_aFilosofía judía _xPrimeros trabajos en 1800. |
| 650 | 0 | 4 | _aFilosofía, la antigua. |
| 650 | 0 | 4 |
_aJudaísmo _xObras para el año 1900. |
| 700 | 1 |
_aYonge, Charles Duke, _d1812-1891, _etr. |
|
| 942 |
_2ddc _cBOOK |
||
| 949 |
_a291.64 P51 1997 _wDEWEY _c1 _i44951 _lCCODEBUL1 _mBUL _r0 _sY _tBOOK _u2015-6-24 _xTEOLOGIA _PP35 _0COMPRA _o.STAFF. Colección General |
||
| 994 |
_aC0 _bPEPRU |
||
| 596 | _a1 | ||
| 999 |
_a291.64 P51 1997 _wDEWEY _c21826 _i44951 _f2021-11-11 _g5 _lCCODEBUL1 _mBUL _r0 _sY _tBOOK _u2015-6-24 _xTEOLOGIA _PP35 _0COMPRA _o.STAFF. Colección General _d21826 |
||
| 980 |
_81 _gALBERTO SANCHEZ Responsable de Automatización |
||